Posłowie X kadencji Sejmu RP - Statystyki

Ogólne statystyki
  • Ten quiz został rozwiązany 2 712 razy
  • Średni wynik to 77 z 460
Statystyki odpowiedzi
Partia polityczna Imię i nazwisko % Poprawnych
KO Donald Tusk
94%
Konfederacja Sławomir Mentzen
91%
Konfederacja Krzysztof Bosak
90%
PiS Norbert Kacz
90%
PiS Jarosław Kaczyński
89%
Konfederacja Karina Bosak
89%
Trzecia Droga Szymon Hołownia
88%
PiS Filip Kaczyński
87%
Konfederacja Grzegorz Braun
86%
Trzecia Droga Władysław Kosiniak-Kamysz
79%
Trzecia Droga Maja Nowak
73%
PiS Mateusz Morawiecki
73%
KO Tomasz Nowak
73%
Nowa Lewica Włodzimierz Czarzasty
72%
KO Paweł Kowal
71%
PiS Janusz Kowalski
67%
Nowa Lewica Anna Żukowska
66%
Nowa Lewica Adrian Zandberg
62%
PiS Zbigniew Ziobro
62%
Konfederacja Konrad Berkowicz
59%
KO Borys Budka
58%
PiS Przemysław Czarnek
56%
PiS Mariusz Błaszczak
55%
PiS Elżbieta Witek
54%
PiS Mariusz Kamiński
54%
KO Przemysław Witek
54%
Nowa Lewica Agnieszka Dziemianowicz-Bąk
50%
KO Barbara Nowacka
49%
PiS Ryszard Terlecki
49%
PiS Paweł Kukiz
47%
PiS Jacek Sasin
45%
PiS Maciej Wąsik
45%
PiS Antoni Macierewicz
44%
Konfederacja Przemysław Wipler
43%
Trzecia Droga Ryszard Petru
42%
Nowa Lewica Krzysztof Śmiszek
41%
PiS Marek Jakubiak
41%
Nowa Lewica Katarzyna Kotula
40%
Nowa Lewica Krzysztof Gawkowski
40%
Nowa Lewica Joanna Scheuring-Wielgus
39%
KO Marcin Kierwiński
39%
KO Roman Giertych
39%
PiS Dariusz Matecki
38%
Trzecia Droga Marek Sawicki
38%
Nowa Lewica Paulina Matysiak
38%
Konfederacja Roman Fritz
38%
KO Sławomir Nitras
38%
KO Ewa Kołodziej
37%
Konfederacja Ryszard Wilk
37%
PiS Teresa Wilk
37%
Trzecia Droga Paulina Hennig-Kloska
36%
Nowa Lewica Łukasz Litewka
35%
KO Magdalena Kołodziejczak
35%
KO Michał Kołodziejczak
35%
Konfederacja Michał Wawer
35%
Konfederacja Witold Tumanowicz
35%
Konfederacja Grzegorz Płaczek
33%
KO Klaudia Jachira
33%
PiS Marek Suski
33%
KO Paweł Suski
33%
KO Bartłomiej Sienkiewicz
32%
KO Dariusz Joński
32%
Trzecia Droga Izabela Bodnar
32%
PiS Piotr Kaleta
32%
PiS Sebastian Kaleta
32%
Trzecia Droga Piotr Zgorzelski
31%
Konfederacja Stanisław Tyszka
31%
PiS Elżbieta Duda
30%
PiS Łukasz Mejza
30%
KO Aleksandra Gajewska
29%
KO Aleksandra Wiśniewska
29%
KO Izabela Leszczyna
29%
KO Kinga Gajewska
29%
KO Katarzyna Lubnauer
28%
KO Michał Szczerba
28%
Konfederacja Bartłomiej Pejo
27%
KO Dorota Niedziela
27%
Nowa Lewica Tomasz Trela
27%
Konfederacja Włodzimierz Skalik
27%
PiS Jarosław Sachajko
26%
Nowa Lewica Marcelina Zawisza
26%
PiS Barbara Bartuś
25%
KO Monika Wielichowska
25%
KO Tomasz Siemoniak
25%
Trzecia Droga Adam Gomoła
24%
KO Adam Szłapka
24%
PiS Henryk Kowalczyk
24%
Trzecia Droga Joanna Mucha
24%
KO Andrzej Domański
23%
Nowa Lewica Dariusz Wieczorek.
23%
PiS Jarosław Wieczorek
23%
Konfederacja Krzysztof Tuduj
23%
Nowa Lewica Maciej Konieczny
23%
KO Marcin Józefaciuk
23%
PiS Michał Wójcik
23%
KO Urszula Zielińska
23%
KO Witold Zembaczyński
23%
KO Apoloniusz Tajner
22%
KO Bartosz Arłukowicz
22%
PiS Łukasz Schreiber
22%
Trzecia Droga Michał Gramatyka
22%
KO Piotr Adamowicz
22%
PiS Waldemar Buda
22%
KO Bogusław Wołoszański
21%
Nowa Lewica Dorota Olko
21%
KO Krzysztof Brejza
21%
Konfederacja Krzysztof Mulawa
21%
PiS Mariusz Gosek
21%
Trzecia Droga Michał Kobosko
21%
Trzecia Droga Tomasz Zimoch
21%
PiS Andrzej Adamczyk
20%
KO Arkadiusz Myrcha
20%
KO Cezary Tomczyk
20%
PiS Jacek Ozdoba
20%
PiS Jan Ardanowski
20%
KO Jarosław Wałęsa
20%
PiS Jarosław Zieliński
20%
Trzecia Droga Magdalena Sroka
20%
PiS Marcin Romanowski
20%
PiS Piotr Gliński
20%
PiS Piotr Müller
20%
PiS Radosław Fogiel
20%
PiS Tomasz Zieliński
20%
Nowa Lewica Wanda Nowicka
20%
PiS Szymon Szynkowski vel Sęk
19%
Konfederacja Andrzej Zapałowski
18%
KO Elżbieta Polak
18%
PiS Piotr Polak
18%
KO Rajmund Miller
18%
Trzecia Droga Aleksandra Leo
17%
Nowa Lewica Andrzej Szejna
17%
Konfederacja Bronisław Foltyn
17%
Nowa Lewica Daria Gosek-Popiołek
17%
Trzecia Droga Dariusz Klimczak
17%
PiS Jan Kanthak
17%
KO Kamila Gasiuk-Pihowicz
17%
PiS Krzysztof Czarnecki
17%
Trzecia Droga Krzysztof Hetman
17%
PiS Małgorzata Gosiewska
17%
PiS Marcin Horała
17%
PiS Marek Ast
17%
KO Mateusz Bochenek
17%
PiS Michał Dworczyk
17%
PiS Rafał Bochenek
17%
PiS Robert Telus
17%
PiS Witold Czarnecki
17%
Nowa Lewica Anita Kucharska-Dziedzic
16%
PiS Jacek Bogucki
16%
PiS Joanna Lichocka
16%
PiS Kacper Płażyński
16%
KO Magdalena Filiks
16%
KO Piotr Borys
16%
Nowa Lewica Tadeusz Tomaszewski
16%
Trzecia Droga Władysław Bartoszewski
16%
PiS Zbigniew Bogucki
16%
PiS Zbigniew Rau
16%
PiS Adam Andruszkiewicz
15%
Trzecia Droga Czesław Siekierski
15%
KO Jan Grabiec
15%
PiS Marzena Maląg
15%
KO Michał Jaros
15%
PiS Michał Woś
15%
Trzecia Droga Sławomir Ćwik
15%
KO Tomasz Szymański
15%
KO Adrian Witczak
14%
Nowa Lewica Joanna Wicha
14%
PiS Małgorzata Wassermann
14%
PiS Marek Kuchciński
14%
KO Mariusz Witczak
14%
KO Marta Wcisło
14%
PiS Paweł Jabłoński
14%
Trzecia Droga Paweł Zalewski
14%
Nowa Lewica Arkadiusz Sikora
13%
KO Franciszek Sterczewski
13%
KO Jakub Rutnicki
13%
PiS Kamil Bortniczuk
13%
Nowa Lewica Katarzyna Ueberhan
13%
Trzecia Droga Krzysztof Paszyk
13%
KO Maciej Wróbel
13%
KO Monika Rosa
13%
KO Robert Kropiwnicki
13%
Trzecia Droga Adam Dziedzic
12%
Trzecia Droga Agnieszka Buczyńska
12%
KO Agnieszka Pomaska
12%
Trzecia Droga Andrzej Grzyb
12%
KO Anna Wojciechowska
12%
KO Arkadiusz Marchewka
12%
Trzecia Droga Ireneusz Raś
12%
PiS Iwana Arent
12%
KO Jacek Karnowski
12%
Trzecia Droga Jacek Tomczak
12%
PiS Janusz Cieszyński
12%
KO Jarosław Urbaniak
12%
PiS Katarzyna Sójka
12%
KO Marek Sowa
12%
PiS Maria Koc
12%
Trzecia Droga Mirosław Suchoń
12%
Trzecia Droga Paweł Śliz
12%
PiS Piotr Król
12%
KO Rafał Siemaszko
12%
Trzecia Droga Stefan Krajewski
12%
Trzecia Droga Urszula Pasławska
12%
PiS Wiesław Krajewski
12%
Trzecia Droga Wioleta Tomczak
12%
KO Wojciech Król
12%
PiS Arkadiusz Mularczyk
11%
PiS Dominika Chorosińska
11%
KO Dorota Marek
11%
PiS Grzegorz Woźniak
11%
Nowa Lewica Jacek Czerniak
11%
KO Jagna Marczułajtis-Walczak
11%
PiS Joanna Borowiak
11%
KO Krzysztof Truskolaski
11%
KO Małgorzata Tracz
11%
KO Marcin Bosacki
11%
Nowa Lewica Marcin Kulasek
11%
PiS Marcin Warchoł
11%
Trzecia Droga Marek Biernacki
11%
KO Marzena Okła-Drewnowicz
11%
PiS Paweł Szefernaker
11%
PiS Tadeusz Woźniak
11%
KO Aleksander Miszalski
10%
PiS Andrzej Gut-Mostowy
10%
PiS Andrzej Śliwka
10%
PiS Anna Gembicka
10%
PiS Bartłomiej Wróblewski
10%
PiS Czesław Hoc
10%
KO Grzegorz Napieralski
10%
KO Iwona Krawczyk
10%
Trzecia Droga Jarosław Rzepa
10%
KO Konrad Frysztak
10%
PiS Krzysztof Szczucki
10%
PiS Leonard Krasulski
10%
KO Maciej Lasek
10%
PiS Marcin Ociepa
10%
KO Michał Krawczyk
10%
KO Paweł Olszewski
10%
Trzecia Droga Radosław Lubczyk
10%
KO Urszula Augustyn
10%
PiS Waldemar Andzel
10%
KO Zbigniew Konwiński
10%
PiS Agnieszka Górska
9%
Trzecia Droga Agnieszka Kłopotek
9%
KO Artur Łącki
9%
KO Barbara Dolniak
9%
PiS Bartosz Kownacki
9%
KO Bogdan Zdrojewski
9%
Trzecia Droga Bożena Żelazowska
9%
PiS Dariusz Piontkowski
9%
PiS Grzegorz Puda
9%
KO Iwona Hartwich
9%
KO Jacek Protas
9%
PiS Jarosław Sellin
9%
KO Joanna Kluzik-Rostkowska
9%
Trzecia Droga Jolanta Zięba-Gzik
9%
PiS Józefa Szczurek-Żelazko
9%
KO Katarzyna Matusik-Lipiec
9%
KO Krystyna Szumilas
9%
PiS Krzysztof Lipiec
9%
KO Małgorzata Pępek
9%
PiS Marcin Grabowski
9%
KO Patryk Jaskulski
9%
Trzecia Droga Urszula Nowogórska
9%
Nowa Lewica Wiesław Szczepański
9%
PiS Agnieszka Ścigaj
8%
PiS Andrzej Gawron
8%
PiS Anita Czerwińska
8%
PiS Anna Pieczarka
8%
PiS Arkadiusz Czartoryski
8%
PiS Artur Soboń
8%
Trzecia Droga Bartosz Romowicz
8%
PiS Bożena Borys-Szopa
8%
PiS Daniel Milewski
8%
KO Dorota Łoboda
8%
Trzecia Droga Ewa Szymanowska
8%
PiS Grzegorz Matusiak
8%
KO Janusz Cichoń
8%
PiS Jerzy Polaczek
8%
KO Katarzyna Piekarska
8%
PiS Maciej Małecki
8%
KO Małgorzata Niemczyk
8%
PiS Marcin Przydacz
8%
KO Marek Hok
8%
PiS Maria Kurowska
8%
KO Mirosław Nykiel
8%
KO Patryk Gabriel
8%
PiS Patryk Wicher
8%
Trzecia Droga Paweł Bejda
8%
KO Paweł Papke
8%
PiS Paweł Szrot
8%
KO Renata Rak
8%
PiS Sławomir Zawiślak
8%
PiS Szymon Giżyński
8%
Trzecia Droga Zbigniew Sosnowski
8%
KO Zdzisław Gawlik
8%
PiS Agnieszka Wojciechowska van Heukelom
7%
PiS Anna Krupka
7%
Trzecia Droga Barbara Oliwiecka
7%
KO Czesław Mroczek
7%
PiS Dorota Arciszewska-Mielewczyk
7%
PiS Edward Siarka
7%
PiS Ewa Leniart
7%
PiS Ewa Malik
7%
KO Henryka Krzywonos-Strycharska
7%
KO Iwona Kozłowska
7%
PiS Jan Mosiński
7%
KO Joanna Frydrych
7%
Trzecia Droga Kamil Wnuk
7%
KO Karolina Pawliczak
7%
KO Katarzyna Osos
7%
PiS Kazimierz Smoliński
7%
KO Krystyna Skowrońska
7%
PiS Krzysztof Ciecióra
7%
PiS Krzysztof Sobolewski
7%
PiS Lidia Burzyńska
7%
PiS Łukasz Kmita
7%
PiS Magdalena Filipek-Sobczak
7%
KO Marek Chmielewski
7%
PiS Marek Gróbarczyk
7%
KO Marek Gzik
7%
PiS Mariusz Kałużny
7%
PiS Mariusz Krystian
7%
PiS Michał Moskal
7%
Trzecia Droga Norbert Pietrykowski
7%
KO Paweł Bliźniuk
7%
PiS Piotr Babinetz
7%
Trzecia Droga Piotr Strach
7%
KO Robert Dowhan
7%
PiS Ryszard Bartosik
7%
KO Sylwia Bielawska
7%
PiS Szymon Pogoda
7%
Trzecia Droga Tadeusz Samborski
7%
KO Tomasz Głogowski
7%
Trzecia Droga Żaneta Cwalina-Śliwowska
7%
PiS Zbigniew Hoffmann
7%
KO Zofia Czernow
7%
Trzecia Droga Adam Luboński
6%
KO Alicja Chybicka
6%
KO Alicja Łepkowska-Gołaś
6%
KO Andrzej Szewiński
6%
PiS Anna Kwieciń
6%
PiS Anna Milczanowska
6%
KO Artur Gierada
6%
Trzecia Droga Barbara Okuła
6%
KO Bartosz Zawieja
6%
PiS Bolesław Piecha
6%
Trzecia Droga Elżbieta Burkiewicz
6%
KO Elżbieta Gapińska
6%
KO Elżbieta Gelert
6%
Trzecia Droga Ewa Schädler
6%
KO Gabriela Lenartowicz
6%
PiS Grzegorz Lorek
6%
KO Grzegorz Rusiecki
6%
Trzecia Droga Henryk Kiepura
6%
PiS Ireneusz Zyska
6%
KO Izabela Mrzygłocka
6%
KO Jacek Niedźwiedzki
6%
PiS Jacek Osuch
6%
PiS Jacek Świat
6%
PiS Jan Dziedziczak
6%
KO Jolanta Niezgodzka
6%
PiS Kazimierz Choma
6%
KO Krystian Łuczak
6%
KO Krzysztof Bojarski
6%
KO Krzysztof Gadowski
6%
KO Krzysztof Grabczuk
6%
PiS Krzysztof Tchórzewski
6%
PiS Małgorzata Golińska
6%
KO Małgorzata Gromadzka
6%
PiS Marcin Gwóźdź
6%
PiS Marcin Porzucek
6%
Trzecia Droga Marcin Skonieczka
6%
KO Maria Janyska
6%
KO Marta Golbik
6%
PiS Marzena Machałek
6%
PiS Michał Cieślak
6%
Trzecia Droga Michał Pyrzyk
6%
PiS Mirosława Stachowiak-Różecka
6%
Trzecia Droga Mirosław Maliszewski
6%
Trzecia Droga Mirosław Orliński
6%
PiS Olga Semeniuk-Patkowska
6%
KO Piotr Głowski
6%
Trzecia Droga Piotr Górnikiewicz
6%
KO Piotr Kandyba
6%
Trzecia Droga Rafał Kasprzyk
6%
Trzecia Droga Rafał Komarewicz
6%
PiS Robert Gontarz
6%
KO Robert Wardzała
6%
KO Stanisław Gorczyca
6%
PiS Stanisław Szwed
6%
PiS Tadeusz Chrzan
6%
KO Weronika Smarduch
6%
PiS Władysław Kurowski
6%
KO Włodzimierz Giziński
6%
KO Wojciech Saługa
6%
PiS Zbigniew Chmielowiec
6%
PiS Zbigniew Kuźmiak
6%
Trzecia Droga Zbigniew Ziejewski
6%
KO Adam Krzemiński
5%
KO Agnieszka Hanajczyk
5%
PiS Agnieszka Soin
5%
PiS Aleksander Mrówczyński
5%
PiS Andrzej Kosztowniak
5%
PiS Andrzej Kryj
5%
PiS Anna Cicholska
5%
PiS Anna Dąbrowska-Banaszek
5%
PiS Anna Schmidt
5%
KO Anna Sobolak
5%
PiS Artur Chojecki
5%
PiS Bartłomiej Dorywalski
5%
KO Danuta Jazłowiecka
5%
PiS Dariusz Stefaniuk
5%
PiS Fryderyk Kapinos
5%
PiS Grzegorz Gaża
5%
KO Henryk Szopiński
5%
KO Iwona Karolewska
5%
PiS Jan Warzecha
5%
PiS Katarzyna Czochara
5%
KO Katarzyna Kierzek-Koperska
5%
KO Kazimierz Plocke
5%
KO Krystyna Sibińska
5%
KO Krzysztof Habura
5%
PiS Krzysztof Kubów
5%
KO Lucjan Pietrzczyk
5%
KO Łukasz Horbatowski
5%
Trzecia Droga Łukasz Osmalak
5%
KO Łukasz Ściebiorowski
5%
KO Marek Krząkała
5%
PiS Marek Matuszewski
5%
KO Marek Rząsa
5%
PiS Marek Wesoły
5%
KO Piotr Lachowicz
5%
PiS Przemysław Drabek
5%
PiS Rafał Weber
5%
PiS Sebastian Łukaszewicz
5%
KO Stanisław Lamczyk
5%
Trzecia Droga Stanisław Tomczyszyn
5%
PiS Sylwester Tułajew
5%
PiS Teresa Pamuła
5%
KO Tomasz Kostuś
5%
PiS Urszula Rusecka
5%
KO Waldemar Sługocki
5%
Trzecia Droga Wiesław Różyński
5%
PiS Władysław Dajczak
5%
PiS Zbigniew Dolata
5%
PiS Agata Wojtyszek
4%
PiS Artur Szałabawka
4%
PiS Grzegorz Piechowiak
4%
PiS Jerzy Materna
4%
PiS Kazimierz Gołojuch
4%
PiS Kazimierz Gwiazdowski
4%
PiS Paweł Hreniak
4%
PiS Paweł Rychlik
4%
PiS Paweł Sałek
4%
PiS Piotr Uruski
4%
PiS Piotr Uściński
4%
PiS Robert Warwas
4%
PiS Sławomir Skwerek
4%
PiS Wojciech Szarama
4%
PiS Wojciech Zubowski
3%
Nie znaleziono quizów pasujących do podanych kryteriów
Rozkład punktacji
Procent ludzi z każdym wynikiem
Percentyl według liczby udzielonych odpowiedzi
Twoja historia wyników
Nie rozwiązałeś tego quizu